Thủ tướng Võ Văn Kiệt nhịp đập của một trái tim lớn

Gồm những bài viết ca ngợi, ghi nhận đánh giá công lao của vị Thủ tướng đối với đất nước và còn thể hiện sự mến phục của nhiều tầng lớp trong xã hội, đồng thời bày tỏ sự tiếc thương vô hạn với một tài năng của đất nước....

全面介紹

Đã lưu trong:
書目詳細資料
格式: 圖書
語言:Undetermined
出版: Hà Nội Thanh niên 2013
主題:
標簽: 添加標簽
沒有標簽, 成為第一個標記此記錄!
Thư viện lưu trữ: Trung tâm Học liệu Trường Đại học Cần Thơ
LEADER 01053nam a2200205Ia 4500
001 CTU_181176
008 210402s9999 xx 000 0 und d
020 |c 52000 
082 |a 959.704092 
082 |b Th500 
245 0 |a Thủ tướng Võ Văn Kiệt nhịp đập của một trái tim lớn 
245 0 |c Nhiều tác giả ; Nguyễn Vũ, Vân Phong (Tuyển chọn, giới thiệu) 
260 |a Hà Nội 
260 |b Thanh niên 
260 |c 2013 
520 |a Gồm những bài viết ca ngợi, ghi nhận đánh giá công lao của vị Thủ tướng đối với đất nước và còn thể hiện sự mến phục của nhiều tầng lớp trong xã hội, đồng thời bày tỏ sự tiếc thương vô hạn với một tài năng của đất nước. 
650 |a Prime ministers,Thủ tướng 
650 |x Biography,Tiểu sử 
904 |i Hải 
980 |a Trung tâm Học liệu Trường Đại học Cần Thơ